[Event "Ceske Budejovice op"]
[Site "Ceske Budejovice"]
[Date "1995.??.??"]
[Round "3"]
[White "Potapov, Alexander"]
[Black "Matlak, Marek"]
[Result "1/2-1/2"]
[WhiteElo "2375"]
[BlackElo "2435"]

1.d4 d5 2.c4 e6 3.Nc3 c6 4.e3 Nf6 5.Nf3 Nbd7 6.Bd3 dxc4 7.Bxc4 b5 8.Bd3 Bb7
9.a3 b4 10.Na4 c5 11.dxc5 Bxc5 12.Nxc5 Nxc5 13.Bb5+ Ke7 14.Bd2 Qb6 15.Nd4 bxa3
16.Rxa3 a6 17.Ba5 Qd6 18.Be2 Bxg2 19.Bf3 Bxf3 20.Qxf3 Rhc8 21.O-O Qd5 22.Qg3 Rab8
23.f3 Rxb2 24.Bc3 Rbb8 25.e4 Qb7 26.Ra2 Qc7 27.Qxc7+ Rxc7 28.Rc1 Ke8 29.Be1 Rd7
30.Nc6 Rb5 31.Ne5 Rd8 32.Nc6 Rd7 33.Bf2 Nd3 34.Rxa6 Kf8 35.Ra8+ Ne8 36.Rd1 f6
37.Bd4 e5 38.Rxd3 exd4 39.Rxd4 Rxd4 40.Nxd4 Rb7 41.Kf2 Kf7 42.Kg3 Rd7 43.Nf5 Nd6
44.Ne3 g6 45.h4 Kg7 46.Nd5 Nf5+ 47.Kh3 Ne7 48.Nf4 h5  1/2-1/2

[Event "Ceske Budejovice op"]
[Site "Ceske Budejovice"]
[Date "1995.??.??"]
[Round "8"]
[White "Zhidkov, Valery S"]
[Black "Savon, Vladimir A"]
[Result "1/2-1/2"]
[WhiteElo "2325"]
[BlackElo "2415"]

1.d4 Nf6 2.c4 e6 3.Nf3 c6 4.Nc3 d5 5.e3 Nbd7 6.Qc2 b6 7.e4 dxe4 8.Nxe4 Nxe4
9.Qxe4 Bb4+ 10.Bd2 Bxd2+ 11.Nxd2 Bb7 12.Be2 O-O 13.O-O Qc7 14.Nf3 c5 15.Qe3  1/2-1/2

[Event "Mid-America Class op"]
[Site "Chicago"]
[Date "1995.??.??"]
[Round "1"]
[White "Gurevich, Dmitry"]
[Black "Adams, Nick A"]
[Result "1-0"]
[WhiteElo "2530"]
[BlackElo "2220"]

1.d4 d5 2.c4 c6 3.e3 Nf6 4.Nc3 e6 5.Nf3 Nbd7 6.Bd2 Be7 7.Bd3 dxc4 8.Bxc4 b5
9.Bd3 a6 10.e4 c5 11.e5 cxd4 12.Nxb5 axb5 13.exf6 Bxf6 14.Bxb5 Qb6 15.a4 O-O
16.O-O Rd8 17.b4 Bb7 18.Bd3 Bd5 19.Re1 Qb7 20.a5 e5 21.a6 Qb6 22.b5 Re8 23.Ba5 Qd6
24.Nd2 Qe6 25.Qb1 g6 26.b6 Reb8 27.b7 Rxa6 28.Bxa6 Qxa6 29.Bc7 Qxb7 30.Bxb8 Qxb8
31.Qxb8+ Nxb8 32.Ra5 Bc6 33.Rb1 Nd7 34.Rc1 Bg5 35.Rxc6 Bxd2 36.Rd5 Nf8 37.Rxe5 Ne6
38.Rexe6 fxe6 39.Rxe6 Kf7 40.Rd6 Bc3 41.Kf1 Ke7 42.Rc6 Kd7 43.Ra6 d3 44.Ra3 d2
45.Ke2  1-0

[Event "Mid-America Class op"]
[Site "Chicago"]
[Date "1995.??.??"]
[Round "3"]
[White "Burke, John S"]
[Black "Bisguier, Arthur Bernard"]
[Result "0-1"]
[WhiteElo "2065"]
[BlackElo "2370"]

1.d4 d5 2.c4 e6 3.Nc3 c6 4.e3 Nf6 5.Nf3 Nbd7 6.Bd3 Bd6 7.O-O O-O 8.cxd5 exd5
9.Qc2 Re8 10.a3 Qe7 11.b4 Ne4 12.Bb2 Ndf6 13.Ne5 Nxc3 14.Bxc3 Ne4 15.Bb2 f6
16.f3 Ng5 17.f4 Ne4 18.Bxe4 dxe4 19.Nc4 Be6 20.Nxd6 Qxd6 21.Rfc1 Bd5 22.Qc5 Qd7
23.a4 b6 24.Qc2 a5 25.Ba3 axb4 26.Bxb4 Ra6 27.Ra3 Rea8 28.Rca1 Qb7 29.Qc3 h5
30.a5 bxa5 31.Rxa5 Rxa5 32.Rxa5 Rb8 33.Ba3 Qb1+ 34.Bc1 Qd3 35.Rc5 Qd1+ 36.Kf2 Ra8
37.Ba3 h4 38.Qc1 Qg4 39.h3 Qg3+ 40.Kg1 Rb8 41.Rc3 Rb5 42.Qf1 Kh7 43.Qf2 Rb1+
44.Bc1 Kg6 45.Qc2 Ra1 46.Qe2 Kh6 47.Rc2 Rb1 48.Qf2 Rb3 49.Bd2 Rd3 50.Kf1 Bb3
51.Qxg3 hxg3 52.Rb2 Bc4 53.Ke1 Ra3 54.Kd1 Ra1+ 55.Bc1 Bf1 56.Rc2 Kh5 57.Ke1 Bxg2
58.Rxc6 Bxh3 59.d5 Kg4 60.Ke2 g2 61.Kf2 Ra2+ 62.Kg1 Re2  0-1

[Event "Mid-America Class op"]
[Site "Chicago"]
[Date "1995.??.??"]
[Round "5"]
[White "Von Krogh, Christopher"]
[Black "Bisguier, Arthur Bernard"]
[Result "1/2-1/2"]
[WhiteElo "2180"]
[BlackElo "2370"]

1.d4 d5 2.c4 e6 3.Nc3 c6 4.e3 Nf6 5.Nf3 Nbd7 6.Qc2 Bd6 7.Bd3 O-O 8.O-O dxc4
9.Bxc4 e5 10.h3 b5 11.Bb3 Bb7 12.Rd1 Qc7 13.a3 a6 14.Ba2 c5 15.dxc5 Qxc5
16.b4 Qc7 17.Bb2 Nb6 18.Rac1 Rad8 19.Qe2 Qe7 20.e4 Bb8 21.Rxd8 Rxd8 22.Rc2  1/2-1/2

[Event "Clichy"]
[Site "Clichy"]
[Date "1995.??.??"]
[Round "?"]
[White "Flear, Glenn C"]
[Black "Prie, Eric"]
[Result "1/2-1/2"]
[WhiteElo "2495"]
[BlackElo "2480"]

1.d4 d5 2.c4 c6 3.Nc3 Nf6 4.e3 e6 5.Nf3 Nbd7 6.Bd3 Bd6 7.O-O O-O 8.e4 dxc4
9.Bxc4 e5 10.Bg5 Qe7 11.Re1 Rd8  1/2-1/2

[Event "Clichy"]
[Site "Clichy"]
[Date "1995.??.??"]
[Round "?"]
[White "Flear, Glenn C"]
[Black "Boudre, Jean Pierre"]
[Result "1-0"]
[WhiteElo "2495"]
[BlackElo "2380"]

1.d4 d5 2.c4 c6 3.Nc3 Nf6 4.e3 e6 5.Nf3 Nbd7 6.Bd3 dxc4 7.Bxc4 b5 8.Be2 Bb7
9.O-O Rc8 10.e4 b4 11.e5 bxc3 12.exf6 cxb2 13.fxg7 Bxg7 14.Bxb2 c5 15.Qa4 Bc6
16.Qa3 Rb8 17.Bc3 Bxf3 18.Bxf3 cxd4 19.Bb4 Qb6 20.Bd6 Bf8 21.Bxf8 Rxf8 22.Rac1 Ne5
23.Bd1 Rg8 24.Ba4+ Kd8 25.Bc6 Nxc6 26.Qd6+ Ke8 27.Rxc6 Qd8 28.Qf4 Rc8 29.Rxc8 Qxc8
30.Rc1 Qb7 31.g3 f5 32.Qd6 Qd7 33.Qe5 Rf8 34.Rc7 Qd5 35.Qg7 Qd6  1-0

[Event "Clichy"]
[Site "Clichy"]
[Date "1995.??.??"]
[Round "?"]
[White "Relange, Eloi"]
[Black "Boudre, Jean Pierre"]
[Result "1/2-1/2"]
[WhiteElo "2455"]
[BlackElo "2380"]

1.d4 d5 2.c4 c6 3.Nf3 Nf6 4.Nc3 e6 5.e3 Nbd7 6.Bd3 dxc4 7.Bxc4 b5 8.Bd3 a6
9.e4 c5 10.e5 cxd4 11.Nxb5 axb5 12.exf6 gxf6 13.O-O Qb6 14.Be4 Bb7 15.Bxb7 Qxb7
16.Nxd4 Rg8 17.f3 Ne5 18.Be3 Bc5 19.Nc2 Bxe3+ 20.Nxe3 Qb6 21.Qb3  1/2-1/2

[Event "Coimbra-chT"]
[Site "Coimbra"]
[Date "1995.??.??"]
[Round "1"]
[White "Maduro, J."]
[Black "Bernardino, L."]
[Result "0-1"]
[WhiteElo "1825"]
[BlackElo "1800"]

1.d4 d5 2.c4 e6 3.Nc3 c6 4.Nf3 Nf6 5.e3 Nbd7 6.Bd3 dxc4 7.Bxc4 b5 8.Bd3 b4
9.Ne4 Nxe4 10.Bxe4 Bb7 11.O-O Nf6 12.Bd3 Be7 13.Qe2 Qb6 14.e4 c5 15.dxc5 Bxc5
16.Bg5 h6 17.Bxf6 gxf6 18.Bb5+ Ke7 19.Rad1 Rad8 20.Nd2 a6 21.Bd3 a5 22.Kh1 Rd7
23.f4 Rhd8 24.Nc4 Qa7 25.f5 e5 26.Bc2 Qa8 27.Rxd7+ Rxd7 28.Re1 Rd4 29.Nd2 Ba6
30.Qe3 Bb6 31.Nb3 Rd6 32.Qxh6 Qc6 33.Rc1 Qxc2 34.h4 Rd1+ 35.Rxd1 Qxd1+ 36.Kh2 Qg1+
37.Kh3 Bf1 38.Qd2 Bf2  0-1

[Event "US-op"]
[Site "Concord"]
[Date "1995.??.??"]
[Round "12"]
[White "Remlinger, Larry"]
[Black "Shipman, Walter"]
[Result "1/2-1/2"]
[WhiteElo "2420"]
[BlackElo "2350"]

1.d4 d5 2.c4 e6 3.Nc3 c6 4.e3 Nf6 5.Nf3 Nbd7 6.Qc2 Bd6 7.Bd2 O-O 8.O-O-O c5
9.cxd5 exd5 10.Rg1 b6 11.Kb1 Bb7 12.Be1 Re8 13.g4 cxd4 14.Nxd4 Rc8 15.Bd3 a6
16.g5 Ne4 17.Qe2 Ndc5 18.Bc2 Rc7 19.h4 Nxc3+ 20.Bxc3 Ne4 21.Bxe4 Rxe4 22.Nf5 Bf8
23.Bd4 Re6 24.h5 Bc8 25.Qf3 Qd7 26.Nh6+ gxh6 27.gxh6+ Rg6 28.hxg6 fxg6 29.Rc1 Rc6
30.Qf4 Qf5+ 31.Qxf5 Bxf5+ 32.Ka1 Rd6 33.Rc7 Bxh6 34.Rgc1 Bf8 35.Rb7 h5 36.Rcc7 g5
37.Bg7 Rd8 38.Bxf8 Rxf8 39.Rg7+ Kh8 40.Rxg5 Bg4 41.Rxb6 Kh7 42.f4 d4 43.Rb7+ Kh8
44.Rb6 Kh7 45.Rb7+ Kh8 46.Rgg7 Rc8 47.Rh7+ Kg8 48.Rbg7+ Kf8 49.Rf7+ Kg8 50.Rfg7+ Kf8
51.b3 dxe3 52.Rf7+ Kg8  1/2-1/2

[Event "Copenhagen K41"]
[Site "Copenhagen"]
[Date "1995.??.??"]
[Round "1"]
[White "Akesson, Ralf"]
[Black "Schandorff, Lars"]
[Result "1/2-1/2"]
[WhiteElo "2500"]
[BlackElo "2450"]

1.d4 d5 2.c4 c6 3.Nf3 Nf6 4.Nc3 e6 5.e3 Nbd7 6.Bd2 Bd6 7.Bd3 O-O 8.O-O Re8
9.e4 dxc4 10.Bxc4 b5 11.e5 bxc4 12.exd6 Nb6 13.Bg5 Qxd6 14.Bxf6 gxf6 15.Qc1 Kh8
16.Qh6 Qe7 17.Ne4 Nd5 18.Rfc1 Rb8 19.Rxc4 Rxb2 20.Rxc6 Bb7 21.Rc5 Rg8 22.Re1 Qf8
23.Qxf8 Rxf8 24.Nd6 Kg7 25.Ra5 Nc3 26.Nxb7 Rxb7 27.g3  1/2-1/2

[Event "Copenhagen op17"]
[Site "Copenhagen"]
[Date "1995.??.??"]
[Round "2"]
[White "Barkhagen, Jonas"]
[Black "Wells, Peter K"]
[Result "0-1"]
[WhiteElo "2400"]
[BlackElo "2530"]

1.d4 Nf6 2.c4 e6 3.Nf3 d5 4.Nc3 c6 5.e3 Nbd7 6.Bd3 dxc4 7.Bxc4 b5 8.Bd3 a6
9.e4 c5 10.d5 Qc7 11.dxe6 fxe6 12.Ng5 Ne5 13.Bb1 h6 14.Nh3 b4 15.Ne2 Bb7
16.O-O Rd8 17.Qb3 c4 18.Qg3 Nh5 19.Qh4 Be7 20.Qxh5+ g6 21.Qxe5 Qxe5 22.a3 bxa3
23.Ra2 g5 24.f4 Qc5+ 25.Nf2 Qb6 26.Bc2 Bc5 27.bxa3 O-O 28.g3 Rf7 29.Kg2 gxf4
30.Ng4 f3+ 31.Kh3 Bf8 32.Nf4 e5 33.Nxe5 Bc8+ 34.g4 Rg7 35.Nh5 Rxg4 36.Nxg4 Qg6
37.Nf6+ Qxf6 38.Kg3 Qg7 39.h3 Bd6+ 40.Kh4 Be7+ 41.Kg3 Bd6+ 42.Kh4 Bxg4 43.hxg4 Qe5  0-1

[Event "Copenhagen op17"]
[Site "Copenhagen"]
[Date "1995.??.??"]
[Round "3"]
[White "Hellsten, Johan"]
[Black "Petersen, Soren Boeck"]
[Result "1-0"]
[WhiteElo "2420"]
[BlackElo "2230"]

1.d4 d5 2.Nf3 e6 3.c4 c6 4.e3 Nf6 5.Nc3 Be7 6.b3 O-O 7.Bd3 c5 8.O-O Nc6 9.Bb2 cxd4
10.exd4 b6 11.Rc1 Bb7 12.Bb1 Rc8 13.Ne2 dxc4 14.bxc4 Na5 15.Ne5 Qd6 16.Ng3 Rfd8
17.d5 exd5 18.Nf5 Qe6 19.Ng4 Ne4 20.Nxg7 Qg6 21.Nf5 Bg5 22.Qd4 dxc4 23.Qh8+  1-0

[Event "Copenhagen BSF"]
[Site "Copenhagen"]
[Date "1995.??.??"]
[Round "6"]
[White "Hansen, Lars Bo"]
[Black "Maksimenko, Andrei"]
[Result "1/2-1/2"]
[WhiteElo "2580"]
[BlackElo "2525"]

1.d4 d5 2.c4 c6 3.Nc3 Nf6 4.e3 e6 5.Nf3 Nbd7 6.Bd3 dxc4 7.Bxc4 b5 8.Be2 Bb7
9.O-O a6 10.e4 c5 11.e5 Nd5 12.a4 b4 13.Ne4 Qc7 14.a5 h6 15.Qd3 Be7 16.Bd2 O-O
17.Rfc1 Rfc8 18.Ne1 Bc6 19.Qg3 cxd4 20.Bxh6 Bf8 21.Nd6 Rd8 22.Nf3 Nxe5 23.Nxe5 Rxd6
24.Rc4 f6 25.Nd3 Qa7 26.Rac1 Bb5 27.Rc8 Rxc8 28.Rxc8 Rc6 29.Rxc6 Bxc6 30.Bd2 e5
31.Bg4 Bd7 32.Nxb4 Bxb4 33.Qb3 Qc5 34.Bxb4 Qc1+ 35.Bd1 Be6 36.Be1 e4 37.Qc2 Qxc2
38.Bxc2 f5 39.Bd2 d3 40.Bb3 Nc7 41.Ba4 Bd5 42.Kf1  1/2-1/2

[Event "Copenhagen op17"]
[Site "Copenhagen"]
[Date "1995.??.??"]
[Round "6"]
[White "Ronneland, Daniel"]
[Black "Einersen, Eivind"]
[Result "1-0"]
[WhiteElo "2135"]
[BlackElo "2240"]

1.d4 d5 2.c4 e6 3.Nc3 c6 4.Nf3 Nf6 5.e3 Nbd7 6.Bd3 dxc4 7.Bxc4 b5 8.Bd3 a6
9.e4 c5 10.d5 c4 11.dxe6 cxd3 12.exd7+ Qxd7 13.O-O Bb7 14.Re1 Be7 15.e5 Nd5
16.Qxd3 Nxc3 17.Qxc3 Qg4 18.h3 Qg6 19.Bd2 Rc8 20.Qe3 Rc2 21.Bc3 O-O 22.Bd4 Rfc8
23.e6 f5 24.Rad1 Bb4 25.Bc3 Bc5 26.Qxc5 Re8 27.Qe3 b4 28.Bxb4 Rxb2 29.Bc3 Rxa2
30.e7 Ra3 31.Rd8 Bc6 32.Rxe8+ Bxe8 33.Qe5 h6 34.Nh4 Qg5 35.Nf3 Qg6 36.Rb1 Kh7
37.Rb8 Bc6 38.Nh4 Qg5 39.e8=Q Bxe8 40.Rxe8 Qc1+ 41.Kh2 Qxc3 42.Qxf5+  1-0

[Event "Copenhagen K41"]
[Site "Copenhagen"]
[Date "1995.??.??"]
[Round "7"]
[White "Kjeldsen, Jens"]
[Black "Schandorff, Lars"]
[Result "1/2-1/2"]
[WhiteElo "2410"]
[BlackElo "2450"]

1.d4 d5 2.c4 c6 3.Nc3 Nf6 4.e3 e6 5.Nf3 Nbd7 6.Bd3 dxc4 7.Bxc4 b5 8.Be2 Bb7
9.O-O a6 10.e4 c5 11.e5 Nd5 12.a4 b4 13.Ne4 Qc7 14.a5  1/2-1/2

[Event "Copenhagen op2"]
[Site "Copenhagen"]
[Date "1995.??.??"]
[Round "7"]
[White "Hoi, Carsten"]
[Black "Aagaard, Jacob"]
[Result "1/2-1/2"]
[WhiteElo "2440"]
[BlackElo "2255"]

1.d4 Nf6 2.Nf3 d5 3.c4 e6 4.Nc3 c6 5.e3 Nbd7 6.Bd3 dxc4 7.Bxc4 b5 8.Bd3 a6
9.e4 c5 10.d5 c4 11.Bc2 exd5 12.O-O d4 13.Nxd4 Bc5 14.Nf5 O-O 15.Bf4 Nb6
16.e5 Nfd5 17.Qf3 Bxf5 18.Bxf5 Nxf4 19.Qxf4 Qe7 20.Rfe1  1/2-1/2

[Event "Sommerskak"]
[Site "Copenhagen"]
[Date "1995.??.??"]
[Round "7"]
[White "Libeau, Rene"]
[Black "Schandorff, Lars"]
[Result "1/2-1/2"]
[WhiteElo "2460"]
[BlackElo "2490"]

1.Nf3 d5 2.c4 c6 3.d4 Nf6 4.Nc3 e6 5.e3 Nbd7 6.Qc2 Bd6 7.Bd2 O-O 8.h3 Re8
9.g4 dxc4 10.Bxc4 Nd5 11.O-O-O b6 12.Bd3 Nf8 13.Ne4 Bb7 14.Nxd6 Qxd6 15.Ng5 g6
16.h4 Rec8 17.Kb1 c5 18.dxc5 bxc5 19.Ne4 Qe7 20.g5 Nd7 21.Bc4 a5 22.a3 Ba6
23.Bxa6 Rxa6 24.Bc3 Rb8 25.h5 Rab6 26.hxg6 fxg6 27.Ka1 Rb3 28.Be5 R8b6 29.f4 Nxe5
30.fxe5 Rxb2 31.Qxb2 Rxb2 32.Kxb2 Qb7+ 33.Kc1 Qb3 34.Nf6+ Nxf6 35.exf6 Qc3+
36.Kb1 Qb3+ 37.Kc1 Qc3+ 38.Kb1 Qb3+  1/2-1/2

[Event "Copenhagen op17"]
[Site "Copenhagen"]
[Date "1995.??.??"]
[Round "8"]
[White "Ziegler, Ari"]
[Black "Schandorff, Lars"]
[Result "0-1"]
[WhiteElo "2305"]
[BlackElo "2450"]

1.d4 d5 2.c4 c6 3.Nc3 Nf6 4.e3 e6 5.Nf3 Nbd7 6.Bd3 dxc4 7.Bxc4 b5 8.Bd3 a6
9.e4 c5 10.d5 Qc7 11.O-O c4 12.dxe6 fxe6 13.Bc2 Bb7 14.Ng5 Nc5 15.e5 Qc6
16.f3 Nfd7 17.Bxh7 O-O-O 18.Qe2 Be7 19.Bc2 b4 20.Nce4 Nxe5 21.Nxc5 Bxc5+
22.Kh1 Rd5 23.Be4 Nd3 24.g3 Qd7 25.Bxd5 exd5 26.Qe6 Re8 27.Qxd7+ Kxd7 28.Nh3 Re2
29.Nf4 Nxf4 30.Bxf4 Bd4 31.Rfe1 Rxe1+ 32.Rxe1 Bxb2 33.Kg2 a5 34.Re2 Bf6 35.g4 a4
36.g5 Bc3 37.h4 b3 38.axb3 axb3 39.Bc1 d4 40.Ba3 d3 41.Rf2 Be1  0-1

[Event "Copenhagen K41"]
[Site "Copenhagen"]
[Date "1995.??.??"]
[Round "8"]
[White "Danielsen, Henrik"]
[Black "Kjeldsen, Jens"]
[Result "1-0"]
[WhiteElo "2430"]
[BlackElo "2410"]

1.c4 c6 2.Nc3 d5 3.d4 e6 4.e3 Nf6 5.Nf3 Nbd7 6.Bd3 dxc4 7.Bxc4 b5 8.Be2 Bb7
9.O-O a6 10.e4 c5 11.e5 Nd5 12.a4 b4 13.Ne4 Qc7 14.Re1 h6 15.Bf1 Be7 16.Bd2 Rd8
17.Rc1 Qb6 18.Ng3 cxd4 19.a5 Qxa5 20.Nxd4 Qb6 21.Qg4 g6 22.Nf3 Nc5 23.Bc4 h5
24.Qh3 Kf8 25.Ne2 Ne4 26.Rf1 Bc5 27.Qh4 Ne7 28.Bg5 Nxg5 29.Nxg5 Nf5 30.Nxe6+ fxe6
31.Qf6+ Kg8 32.Bxe6+ Kh7 33.Rxc5 Qxc5 34.Nf4 Ne7 35.Bf7 Rhg8 36.Bxg8+ Rxg8
37.Ne6 Qc6 38.Qxe7+ Kh8 39.f3 Qe8 40.Qf6+ Kh7 41.Rc1  1-0

[Event "ESP-chT"]
[Site "Cordoba"]
[Date "1995.??.??"]
[Round "2"]
[White "Gomez Esteban, Juan Mario"]
[Black "Clement Gomez, Jose A"]
[Result "1/2-1/2"]
[WhiteElo "2425"]
[BlackElo "2250"]

1.d4 Nf6 2.Nf3 d5 3.c4 c6 4.Nc3 e6 5.e3 Nbd7 6.Qc2 a6 7.b3 Bd6 8.Be2 O-O
9.O-O e5 10.cxd5 cxd5 11.dxe5 Nxe5 12.Bb2 Bg4 13.Nd4 Rc8 14.h3 Bd7 15.Qd1 Bb8
16.Rc1 Qe7 17.Re1 Qd6 18.Kf1 Ne4 19.f4 Ng6 20.Nxe4 dxe4 21.Rxc8 Rxc8 22.Qd2 Nh4
23.Rc1 Rxc1+ 24.Qxc1 Qg6 25.g4 h5 26.Qe1 Nf3 27.Nxf3 exf3 28.Bxf3 hxg4 29.hxg4 Bxg4
30.Bxb7 Qd3+ 31.Kf2 Qc2+ 32.Kg3 Qxb2 33.Kxg4 Qxa2 34.Qd1 Ba7 35.Qd8+ Kh7
36.Qh4+ Kg8 37.Qd8+ Kh7 38.Qh4+ Kg8 39.Qd8+  1/2-1/2

[Event "ESP-chT"]
[Site "Cordoba"]
[Date "1995.??.??"]
[Round "3"]
[White "Suba, Mihai"]
[Black "Garcia, Pio Jesus"]
[Result "1-0"]
[WhiteElo "2475"]
[BlackElo "2290"]

1.d4 d5 2.c4 c6 3.Nc3 e6 4.e3 Nf6 5.Nf3 Nbd7 6.Be2 Bd6 7.O-O O-O 8.b3 Ne4
9.Bb2 f5 10.Bd3 Rf6 11.Ne2 Rh6 12.Ne5 Qh4 13.h3 Ng5 14.Nf4 Bxe5 15.dxe5 Nf7
16.cxd5 cxd5 17.Bxf5 Ndxe5 18.Rc1 exf5 19.Bxe5 Nxe5 20.Qxd5+ Nf7 21.Rc7 Qf6
22.Rfc1 Be6 23.Qxb7 Rf8 24.Qxa7 g5 25.Nxe6 Qxe6 26.Re7 Qd5 27.Qc5 Qxc5 28.Rxc5 Rf6
29.Rb7 Nd6 30.Rb6 Ne4 31.Rxf6 Rxf6 32.Rb5 Nd6 33.Rb6 Kf7 34.a4 Ke7 35.b4 f4
36.exf4 Rxf4 37.a5 Kd7 38.Rb8 Kc7 39.Rh8 Rh4 40.Rxh7+ Kc6 41.Rg7 Rxb4 42.a6 Nc8
43.a7 Ra4 44.Rxg5 Rxa7 45.h4 Ne7 46.h5 Kd6 47.g4 Ke6 48.Kg2 Kf6 49.Rb5 Ng8
50.Kg3 Ra3+ 51.f3 Ra7 52.g5+ Kg7 53.f4 Rc7 54.Kg4 Ra7 55.Rb6 Ne7 56.h6+ Kh7
57.Kh5 Rc7 58.f5 Kh8 59.f6 Ng8 60.Kg6 Ra7 61.Re6  1-0

[Event "ESP-chT"]
[Site "Cordoba"]
[Date "1995.??.??"]
[Round "9"]
[White "Merino Mejuto, Domingo"]
[Black "Casas, Domenech"]
[Result "0-1"]
[WhiteElo "2265"]
[BlackElo "2180"]

1.d4 d5 2.Nf3 Nf6 3.c4 c6 4.Nc3 e6 5.e3 Nbd7 6.Qc2 Bd6 7.Be2 O-O 8.O-O Qe7
9.b3 dxc4 10.bxc4 e5 11.Rd1 Re8 12.Nd2 exd4 13.exd4 Nf8 14.Bb2 Ne6 15.Nf3 Nf4
16.Bf1 Bg4 17.Re1 Qc7 18.Ne5 Bh5 19.Qf5 Ne6 20.Ne4 Nxe4 21.Qxh5 Bxe5 22.Rxe4 Bf6
23.Bd3 g6 24.Qf3 Bg7 25.Qe2 Red8 26.Rd1 Nxd4 27.Bxd4 Bxd4 28.Re7 Rd7 29.Rxd7 Qxd7
30.Bc2 Re8 31.Qd2 Qe6 32.h3 c5 33.Bd3 Qf6 34.Re1 Qxf2+  0-1

[Event "ESP-chT"]
[Site "Cordoba"]
[Date "1995.??.??"]
[Round "9"]
[White "Torrecillas Martinez, Antonio"]
[Black "Cubas, Juan"]
[Result "1/2-1/2"]
[WhiteElo "2360"]
[BlackElo "2110"]

1.d4 d5 2.c4 e6 3.Nc3 Nf6 4.Nf3 c6 5.e3 Nbd7 6.Qc2 Bd6 7.Be2 O-O 8.O-O Qe7
9.a3 dxc4 10.Bxc4 e5 11.Ba2 e4 12.Nd2 Bxh2+ 13.Kxh2 Ng4+ 14.Kg3 Qd6+ 15.f4 Nxe3
16.Qxe4 Nxf1+ 17.Nxf1 Nf6 18.Qe5 Qd7 19.Be3 Re8 20.Qg5 h6 21.Qh4 Qd6 22.Kf3 Bf5
23.Re1 Qd8 24.Nh2 Qb6 25.Re2 Rad8 26.Qe1 Bd3 27.Rd2 Rxd4 28.Qg1 c5 29.Bxd4 Qc6+
30.Kg3 Nh5+ 31.Kf2 cxd4 32.Rxd3 dxc3 33.Qd1 c2 34.Qc1 Nxf4 35.Rf3 Re2+ 36.Kf1 Qxf3+
37.gxf3 Nd3 38.Kxe2 Nxc1+ 39.Kd2 Nxa2 40.Kxc2 b5 41.Kb1 b4 42.Kxa2 bxa3 43.Kxa3 Kf8
44.Kb4 Ke7 45.Kc5 Ke6 46.b4 f5 47.b5 Kd7  1/2-1/2

[Event "CZE-chT 9495"]
[Site "?"]
[Date "1995.??.??"]
[Round "1"]
[White "Michenka, Jozef"]
[Black "Zurek, Milan"]
[Result "1/2-1/2"]
[WhiteElo "2360"]
[BlackElo "2420"]

1.d4 d5 2.c4 e6 3.Nc3 c6 4.e3 Nf6 5.Nf3 Nbd7 6.Bd3 dxc4 7.Bxc4 b5 8.Bd3 a6
9.e4 c5 10.e5 cxd4 11.Nxb5 Ng4 12.Nbxd4 Ngxe5 13.Be4 Rb8 14.O-O Bc5 15.Nxe5 Nxe5
16.Nc6 Qxd1 17.Rxd1 Nxc6 18.Bxc6+ Ke7 19.b3 f6 20.Bb2 Rd8 21.Rxd8 Kxd8 22.Rc1 Bd6
23.Bd4 Bd7 24.Bxd7 Kxd7 25.Kf1 Rb5 26.g3 e5 27.Be3 f5 28.Rc4 Rb4 29.Rc2 f4
30.Bc5 Rb5 31.Bxd6 Kxd6 32.gxf4 exf4 33.Rc4 g5 34.h4 h6 35.Ra4 a5 36.Kg2 Ke5
37.hxg5 hxg5 38.Kh3 Kf5 39.f3 Rd5 40.b4 axb4 41.Rxb4 Rd2 42.a3 Rf2 43.Rb3 Ra2
44.Rc3 Kg6 45.Kg4 Rg2+ 46.Kh3 Rg1 47.a4 Rh1+ 48.Kg2 Ra1 49.Kh3 Kh5 50.Rc8 Rxa4
51.Rh8+ Kg6 52.Rg8+ Kf6 53.Rf8+ Kg7 54.Rf5 Ra1 55.Rxg5+ Kf6 56.Rb5  1/2-1/2

[Event "CZE-chT 9495"]
[Site "?"]
[Date "1995.??.??"]
[Round "2"]
[White "Voloshin, Leonid"]
[Black "Trichkov, Vasil"]
[Result "1/2-1/2"]
[WhiteElo "2435"]
[BlackElo "2415"]

1.d4 d5 2.c4 c6 3.e3 Nf6 4.Nc3 e6 5.Nf3 Nbd7 6.Qc2 Bd6 7.Be2 dxc4 8.Bxc4 e5
9.O-O O-O 10.a3 exd4 11.exd4 Nb6 12.Ba2 h6 13.Bxh6 gxh6 14.Qg6+ Kh8 15.Qxh6+ Nh7
16.Ne4 Be7 17.Nf6 Bf5 18.Nxh7 Bxh7 19.Ne5 Qxd4 20.Nxf7+  1/2-1/2

[Event "CZE-chT 9495"]
[Site "?"]
[Date "1995.??.??"]
[Round "3"]
[White "Borik, Otto"]
[Black "Pekarek, Ales"]
[Result "1/2-1/2"]
[WhiteElo "2415"]
[BlackElo "2450"]

1.Nf3 d5 2.d4 c6 3.c4 e6 4.Nc3 Nf6 5.e3 Nbd7 6.a3 Bd6 7.Bd3 O-O 8.O-O e5
9.cxd5 cxd5 10.e4 dxe4 11.Nxe4 Nxe4 12.Bxe4 Nf6 13.dxe5 Nxe4 14.exd6 Qxd6
15.Qxd6 Nxd6 16.Bf4 Nc4 17.b3 Nb6 18.Rac1 Bg4 19.Nd4 Rad8 20.Be3 Nd5 21.h3 Bd7
22.Rc5 Nxe3 23.fxe3 Rc8 24.Rfc1 Rxc5 25.Rxc5 Rc8 26.Rxc8+ Bxc8 27.Nb5 Be6
28.b4 a6 29.Nc3 Kf8 30.Kf2 Ke7 31.e4 Kd6 32.Ke3 Bc4 33.g3 Ke5 34.Na4 Bb5
35.Nc5 b6 36.Nb3 Ba4 37.Nd2 Bb5 38.Nf3+ Kd6 39.Kd4 f6 40.h4 Be2 41.Nd2 Ke6
42.Nb1 Bb5 43.Nc3 Bc6 44.Nd1 Kd6 45.Ne3 Bd7 46.Nd5 Kc6 47.e5 fxe5+ 48.Kxe5 a5
49.Nc3 axb4 50.axb4 Bh3 51.Kd4 Bf1 52.Ne4 h6 53.Nc3 Bg2 54.Ne2 Bf3 55.Nf4 g5
56.hxg5 hxg5  1/2-1/2

[Event "CZE-chT 9495"]
[Site "?"]
[Date "1995.??.??"]
[Round "6"]
[White "Dydyshko, Viacheslav"]
[Black "Vavra, Pavel"]
[Result "1-0"]
[WhiteElo "2495"]
[BlackElo "2320"]

1.d4 d5 2.c4 c6 3.Nf3 Nf6 4.Nc3 e6 5.e3 Nbd7 6.Qc2 Bd6 7.Be2 O-O 8.O-O dxc4
9.Bxc4 e5 10.h3 b5 11.Bd3 Bb7 12.Bd2 Qe7 13.Ne4 Nxe4 14.Bxe4 Nf6 15.dxe5 Nxe4
16.exd6 Nxd6 17.Bb4 Rfd8 18.Rfd1 Qf6 19.Bc5 Nc4 20.b3 Nb6 21.Nd4 Nd5 22.Nf5 Bc8
23.Ne7+ Kh8 24.e4 Bg4 25.exd5 Bxd1 26.Rxd1 cxd5 27.Nf5 Rac8 28.b4 d4 29.Qe4 Qe6
30.Qxe6 fxe6 31.Nd6 Rc7 32.Nxb5 Rcd7 33.Rxd4 Rxd4 34.Nxd4 e5 35.Nc6 Rd1+
36.Kh2 Ra1 37.Nxa7 Rxa2 38.Nc6  1-0

[Event "CZE-chT1a"]
[Site "?"]
[Date "1995.??.??"]
[Round "?"]
[White "Chmelik, Jiri"]
[Black "Vavra, Pavel"]
[Result "0-1"]
[WhiteElo "2155"]
[BlackElo "2320"]

1.d4 d5 2.c4 c6 3.Nc3 Nf6 4.e3 e6 5.Nf3 Nbd7 6.Bd3 dxc4 7.Bxc4 b5 8.Be2 Bb7
9.a3 a6 10.O-O c5 11.dxc5 Bxc5 12.b4 Be7 13.Bb2 O-O 14.Rc1 Qb6 15.Qd4 Qxd4
16.Nxd4 Nb6 17.Ncxb5 axb5 18.Rc7 Ba6 19.Rxe7 Nbd5 20.Nc6 Nxe7 21.Nxe7+ Kh8
22.Bf3 Rad8 23.Bd4 Rd7 24.Bc5 Re8 25.Nc6 Rd2 26.Rd1 Rxd1+ 27.Bxd1 Ne4 28.Be2 Nc3
29.Bf1 e5 30.Nxe5 Rxe5 31.Bd4 Rd5 32.Bxc3 Rd1 33.f3 Rb1 34.Bd4 Rb3 35.a4 Rxb4
36.axb5 Bxb5 37.Bxb5 Rxb5 38.g4 f6 39.Kf2 Kg8 40.Kg3 Kf7 41.h3 Ke6 42.Ba7 Kd5
43.Bd4 Kc4 44.Ba7 Kd3 45.Bd4 Ke2 46.Kg2 Rb1 47.f4 Rf1 48.f5 Rf2+ 49.Kg3 Rf3+
50.Kg2 h5 51.Bc5 h4 52.e4 Rg3+ 53.Kh2 Kf3 54.e5 fxe5 55.Be7 Rg2+ 56.Kh1 Kg3
57.Bxh4+ Kxh3  0-1

[Event "CZE-chT1a"]
[Site "?"]
[Date "1995.??.??"]
[Round "?"]
[White "Kucera, Petr"]
[Black "Vavra, Pavel"]
[Result "1/2-1/2"]
[WhiteElo "2305"]
[BlackElo "2320"]

1.d4 d5 2.c4 c6 3.e3 Nf6 4.Nc3 e6 5.Nf3 Nbd7 6.Bd3 dxc4 7.Bxc4 b5 8.Be2 Bb7
9.O-O b4 10.Na4 Be7 11.a3 a5 12.Qc2 O-O 13.axb4 axb4 14.Bd2 Ra5 15.Rfc1 Qa8
16.b3 c5 17.dxc5 Bxc5 18.Qd1 Bd6 19.Nb2 Nb6 20.Nc4 Nxc4 21.bxc4 Ne4 22.Be1 Rd8
23.Rxa5 Qxa5 24.Qb3 Bc6 25.Nd4 Be8 26.f3 Nc5 27.Qxb4 Qc7 28.Bg3 e5 29.Nb5 Qb6
30.Qb1 Ne6 31.Bf2 Bc5 32.Nc3 Qa7 33.Nd5 Rb8 34.Qa1 Qxa1 35.Rxa1 Rb2 36.Ra8 Kf8
37.Bf1 f5 38.g3 Kf7 39.Bd3 Ng5 40.Kg2 Bc6 41.Rc8 Bxe3 42.Rc7+ Kf8 43.Rc8+ Kf7
44.Rc7+ Ke8 45.Rc8+  1/2-1/2

[Event "CZE-chT1c 9495"]
[Site "?"]
[Date "1995.??.??"]
[Round "5"]
[White "Lys, Josef"]
[Black "Muzik, Martin"]
[Result "1-0"]
[WhiteElo "2270"]
[BlackElo "2195"]

1.d4 d5 2.Nf3 Nf6 3.c4 e6 4.e3 c6 5.Nc3 Nbd7 6.a3 Bd6 7.b4 O-O 8.Bb2 a6 9.Qb3 Qe7
10.Be2 dxc4 11.Bxc4 e5 12.d5 b5 13.Be2 Bb7 14.dxc6 Bxc6 15.O-O Nb6 16.Rfe1 Rac8
17.Rad1 Bb7 18.h3 e4 19.Nd4 Bb8 20.g3 h5 21.Nf5 Qe5 22.Nh4 Qg5 23.Ng2 Qf5
24.h4 Nc4 25.Ba1 Ne5 26.Qb1 Nf3+ 27.Bxf3 Qxf3 28.Rd2 Bxg3 29.fxg3 Qxg3 30.Ne2 Qg6
31.Nf4 Qh6 32.Bxf6 gxf6 33.Qd1 Rc3 34.Qxh5 Qxh5 35.Nxh5 Rxa3 36.Nxf6+ Kg7
37.Nd7 Rh8 38.Nc5 Bc8 39.Nxe4 Rb3 40.Rd4 Rb2 41.Ng5 Bb7 42.e4 Bc8 43.e5 Bb7
44.Ne3 Kg6 45.Rf4 Re8 46.Rxf7 Ba8 47.Ref1 Rh8 48.R7f6+ Kh5 49.R1f4 Rc8 50.Ne4 Rb1+
51.Kf2 Rb2+ 52.Kf3 Rxb4 53.R4f5+  1-0

[Event "CZE-chT1c 9495"]
[Site "?"]
[Date "1995.??.??"]
[Round "7"]
[White "Cvek, Robert"]
[Black "Pisk, Petr"]
[Result "1/2-1/2"]
[WhiteElo "2285"]
[BlackElo "2290"]

1.d4 d5 2.Nf3 Nf6 3.c4 c6 4.Nc3 e6 5.e3 Nbd7 6.Qc2 Bd6 7.Be2 O-O 8.O-O Qe7
9.Rd1 Re8 10.h3 b6 11.e4 Nxe4 12.Nxe4 dxe4 13.Qxe4 Bb7 14.Bf4 Bxf4 15.Qxf4 c5
16.Qc7 Rab8 17.dxc5 Nxc5 18.Qxe7 Rxe7 19.b4 Ne4 20.Rd3 Rc8 21.Rad1 Kf8 22.Nd2 Nf6
23.Nb3 Ba6 24.b5 Bb7 25.a4 Rec7 26.Rd8+ Rxd8 27.Rxd8+ Ke7 28.Rh8 e5 29.f3 h6
30.Rb8 Nd7 31.Rg8 Nf6 32.Rb8 Nd7 33.Rg8 Nf6 34.Rb8 Nd7  1/2-1/2